000 00386cam a22001217a 4500
008 180718b1989 xxu||||| |||| 00| 0 eng d
082 _aA81x54 In2/81/6/PT10B
100 _aCensus of India 1981
245 _aHaryana: town survey report, Gurgaon
260 _aDelhi
_bThe Controller of Publications
_c1989
300 _a557+p.
440 _aCensus of India 1981. Series-6, Haryana. Part X-B
999 _c482682
_d482682